[Event "45th FIDE Chess Olympiad Open"]
[Site "Budapest, Hungary"]
[Date "2024.09.20"]
[Round "9"]
[White "Kudakwashe Chinake"]
[Black "Ah Kye, Benitot"]
[Result "1-0"]
[Board "345"]
[WhiteFideId "33100179"]
[BlackFideId "9700552"]
[BlackTitle "CM"]
[WhiteElo "1859"]
[BlackElo "1815"]
[WhiteTeam "Cayman Islands"]
[BlackTeam "Mauritius"]
[WhiteClock "0:10:07"]
[BlackClock "0:04:27"]
[Variant "Standard"]

1. d4 {[%clk 1:30:58]}  Nf6 {[%clk 1:30:54]} 2. Nc3 {[%clk 1:31:21]}  d5 {[%clk 1:31:18]} 3. Bf4 {[%clk 1:31:46]}  e6 {[%clk 1:31:37]} 4. a3 {[%clk 1:32:07]}  c5 {[%clk 1:31:45]} 5. e3 {[%clk 1:32:22]}  a6 {[%clk 1:31:56]} 6. Nf3 {[%clk 1:29:38]}  b5 {[%clk 1:29:55]} 7. Ne5 {[%clk 1:27:26]}  Bb7 {[%clk 1:30:14]} 8. g4 {[%clk 1:25:52]}  h6 {[%clk 1:29:45]} 9. Bg2 {[%clk 1:16:51]}  cxd4 {[%clk 1:25:49]} 10. exd4 {[%clk 1:17:13]}  Nc6 {[%clk 1:26:12]} 11. O-O {[%clk 1:13:14]}  Qb6 {[%clk 1:23:35]} 12. Nxc6 {[%clk 1:08:51]}  Qxc6 {[%clk 1:23:49]} 13. h3 {[%clk 1:06:14]}  Rc8 {[%clk 1:23:56]} 14. Rc1 {[%clk 1:06:15]}  Bd6 {[%clk 1:23:15]} 15. Ne2 {[%clk 1:05:02]}  O-O {[%clk 1:13:02]} 16. Qd2 {[%clk 1:01:06]}  Nh7 {[%clk 1:06:52]} 17. Qe3 {[%clk 0:51:50]}  Rfe8 {[%clk 1:01:36]} 18. c3 {[%clk 0:49:11]}  f5 {[%clk 0:51:56]} 19. Be5 {[%clk 0:44:51]}  fxg4 {[%clk 0:48:32]} 20. hxg4 {[%clk 0:43:38]}  Rc7 {[%clk 0:42:22]} 21. f4 {[%clk 0:43:42]}  Rf7 {[%clk 0:42:21]} 22. Ng3 {[%clk 0:43:16]}  Bc8 {[%clk 0:41:25]} 23. Bf3 {[%clk 0:36:21]}  Nf8 {[%clk 0:32:31]} 24. Be2 {[%clk 0:32:56]}  Nd7 {[%clk 0:29:55]} 25. Bd3 {[%clk 0:32:57]}  Rfe7 {[%clk 0:17:03]} 26. Nh5 {[%clk 0:29:27]}  Rf8 {[%clk 0:14:52]} 27. Rce1 {[%clk 0:17:18]}  Ref7 {[%clk 0:10:19]} 28. Bg6 {[%clk 0:15:10]}  Nxe5 {[%clk 0:10:41]} 29. fxe5 {[%clk 0:14:28]}  Rxf1+ {[%clk 0:10:40]} 30. Rxf1 {[%clk 0:14:27]}  Rxf1+ {[%clk 0:09:39]} 31. Kxf1 {[%clk 0:14:43]}  Bf8 {[%clk 0:09:54]} 32. Qf4 {[%clk 0:13:17]}  Qc7 {[%clk 0:09:50]} 33. Bh7+ {[%clk 0:11:37]}  Kxh7 {[%clk 0:09:50]} 34. Qxf8 {[%clk 0:12:00]}  Kg6 {[%clk 0:08:06]} 35. Kg2 {[%clk 0:11:27]}  Qd7 {[%clk 0:07:32]} 36. Kg3 {[%clk 0:11:09]}  Bb7 {[%clk 0:05:26]} 37. Qg8 {[%clk 0:10:42]}  Bc8 {[%clk 0:04:05]} 38. Nf4+ {[%clk 0:09:52]}  Kg5 {[%clk 0:04:27]} 39. Qh7 {[%clk 0:10:07]} 1-0

[Event "45th FIDE Chess Olympiad Open"]
[Site "Budapest, Hungary"]
[Date "2024.09.20"]
[Round "9"]
[White "Chinasamy, Devarajen"]
[Black "Young, Christopher"]
[Result "1-0"]
[Board "346"]
[WhiteFideId "9700072"]
[BlackFideId "33100039"]
[WhiteTitle "CM"]
[BlackTitle "CM"]
[WhiteElo "1975"]
[BlackElo "1758"]
[WhiteTeam "Mauritius"]
[BlackTeam "Cayman Islands"]
[WhiteClock "0:33:36"]
[BlackClock "0:03:23"]
[Variant "Standard"]

1. d4 {[%clk 1:30:52]}  Nf6 {[%clk 1:30:57]} 2. Nc3 {[%clk 1:31:15]}  d5 {[%clk 1:31:21]} 3. Bf4 {[%clk 1:31:35]}  a6 {[%clk 1:31:44]} 4. e3 {[%clk 1:31:36]}  e6 {[%clk 1:31:47]} 5. a3 {[%clk 1:30:33]}  c5 {[%clk 1:31:17]} 6. dxc5 {[%clk 1:29:30]}  Bxc5 {[%clk 1:31:35]} 7. Nf3 {[%clk 1:29:49]}  Nc6 {[%clk 1:30:47]} 8. Bd3 {[%clk 1:29:28]}  O-O {[%clk 1:28:44]} 9. Ne5 {[%clk 1:28:56]}  Nxe5 {[%clk 1:15:43]} 10. Bxe5 {[%clk 1:29:18]}  Bd6 {[%clk 1:15:34]} 11. Bg3 {[%clk 1:29:01]}  e5 {[%clk 0:50:08]} 12. Bh4 {[%clk 1:22:58]}  Be6 {[%clk 0:46:25]} 13. O-O {[%clk 1:21:15]}  e4 {[%clk 0:40:51]} 14. Bxf6 {[%clk 1:04:02]}  gxf6 {[%clk 0:23:53]} 15. Be2 {[%clk 1:03:51]}  f5 {[%clk 0:15:25]} 16. g3 {[%clk 0:58:49]}  Be5 {[%clk 0:14:51]} 17. Qd2 {[%clk 0:56:56]}  Rc8 {[%clk 0:13:02]} 18. Nd1 {[%clk 0:47:16]}  d4 {[%clk 0:10:40]} 19. exd4 {[%clk 0:43:22]}  Bxd4 {[%clk 0:08:01]} 20. Qc1 {[%clk 0:43:22]}  Qf6 {[%clk 0:06:06]} 21. c3 {[%clk 0:43:20]}  Be5 {[%clk 0:05:29]} 22. Qc2 {[%clk 0:39:39]}  Kh8 {[%clk 0:03:48]} 23. Ne3 {[%clk 0:39:06]}  Rg8 {[%clk 0:03:32]} 24. Ng2 {[%clk 0:35:21]}  Qg6 {[%clk 0:01:48]} 25. Rad1 {[%clk 0:31:24]}  f4 {[%clk 0:01:33]} 26. Nh4 {[%clk 0:31:39]}  Qg5 {[%clk 0:00:46]} 27. Qxe4 {[%clk 0:31:40]}  Bh3 {[%clk 0:00:33]} 28. Nf3 {[%clk 0:31:46]}  Qf6 {[%clk 0:00:46]} 29. Qxe5 {[%clk 0:21:55]}  Qxe5 {[%clk 0:01:11]} 30. Nxe5 {[%clk 0:22:15]}  Bxf1 {[%clk 0:00:36]} 31. Bxf1 {[%clk 0:22:32]}  fxg3 {[%clk 0:00:50]} 32. hxg3 {[%clk 0:22:40]}  Kg7 {[%clk 0:00:36]} 33. Rd7 {[%clk 0:22:13]}  Kf6 {[%clk 0:01:00]} 34. Nf3 {[%clk 0:21:12]}  Rc6 {[%clk 0:00:42]} 35. Rxb7 {[%clk 0:21:12]}  Rd8 {[%clk 0:00:42]} 36. Rxf7+ {[%clk 0:19:53]}  Kxf7 {[%clk 0:00:50]} 37. Ne5+ {[%clk 0:20:17]}  Kf6 {[%clk 0:00:47]} 38. Nxc6 {[%clk 0:20:36]}  Rd2 {[%clk 0:01:06]} 39. b4 {[%clk 0:18:40]}  Ra2 {[%clk 0:01:15]} 40. Bxa6 {[%clk 0:17:16]}  Rxa3 {[%clk 0:01:38]} 41. b5 {[%clk 0:17:20]}  Rxc3 {[%clk 0:01:39]} 42. Na5 {[%clk 0:15:20]}  Ke6 {[%clk 0:30:10]} 43. Kg2 {[%clk 0:44:13]}  Ra3 {[%clk 0:29:15]} 44. Nc4 {[%clk 0:43:54]}  Ra4 {[%clk 0:29:31]} 45. Ne3 {[%clk 0:43:59]}  Rb4 {[%clk 0:25:45]} 46. f4 {[%clk 0:44:12]}  Rb3 {[%clk 0:22:16]} 47. Kf3 {[%clk 0:44:21]}  Rb4 {[%clk 0:22:11]} 48. g4 {[%clk 0:42:52]}  Rb3 {[%clk 0:22:22]} 49. g5 {[%clk 0:42:53]}  Rb1 {[%clk 0:21:26]} 50. f5+ {[%clk 0:40:05]}  Kf7 {[%clk 0:15:46]} 51. Kf4 {[%clk 0:38:28]}  Rb2 {[%clk 0:12:40]} 52. Ke4 {[%clk 0:38:02]}  Rb3 {[%clk 0:09:45]} 53. Nd5 {[%clk 0:37:02]}  Rg3 {[%clk 0:06:49]} 54. Kf4 {[%clk 0:37:23]}  Rd3 {[%clk 0:06:42]} 55. Ne3 {[%clk 0:37:42]}  Rd4+ {[%clk 0:06:19]} 56. Ke5 {[%clk 0:37:54]}  Rd3 {[%clk 0:06:21]} 57. Ke4 {[%clk 0:36:57]}  Rb3 {[%clk 0:06:29]} 58. Nc2 {[%clk 0:34:24]}  Rg3 {[%clk 0:06:16]} 59. Kf4 {[%clk 0:34:38]}  Rc3 {[%clk 0:04:27]} 60. Nd4 {[%clk 0:34:52]}  Rc4 {[%clk 0:03:35]} 61. Ke4 {[%clk 0:34:15]}  Rc1 {[%clk 0:03:23]} 62. b6 {[%clk 0:33:36]} 1-0

[Event "45th FIDE Chess Olympiad Open"]
[Site "Budapest, Hungary"]
[Date "2024.09.20"]
[Round "9"]
[White "Shaw, Clifford"]
[Black "Lee Luen Mang, Stefan"]
[Result "0-1"]
[Board "347"]
[WhiteFideId "33100101"]
[BlackFideId "9700242"]
[WhiteElo "1744"]
[BlackElo "1803"]
[WhiteTeam "Cayman Islands"]
[BlackTeam "Mauritius"]
[WhiteClock "0:04:30"]
[BlackClock "0:19:43"]
[Variant "Standard"]

1. f4 {[%clk 1:30:58]}  d5 {[%clk 1:30:54]} 2. Nf3 {[%clk 1:31:26]}  Nf6 {[%clk 1:31:17]} 3. e3 {[%clk 1:31:47]}  g6 {[%clk 1:31:06]} 4. b3 {[%clk 1:32:14]}  Bg7 {[%clk 1:31:30]} 5. Bb2 {[%clk 1:32:41]}  c5 {[%clk 1:31:23]} 6. Be2 {[%clk 1:32:33]}  Nc6 {[%clk 1:31:48]} 7. O-O {[%clk 1:32:55]}  O-O {[%clk 1:31:43]} 8. Qe1 {[%clk 1:32:56]}  Nb4 {[%clk 1:29:29]} 9. Na3 {[%clk 1:32:18]}  a6 {[%clk 1:29:54]} 10. Ne5 {[%clk 1:28:04]}  Nd7 {[%clk 1:14:17]} 11. d4 {[%clk 1:26:06]}  Nxe5 {[%clk 1:12:03]} 12. fxe5 {[%clk 1:26:16]}  Bf5 {[%clk 1:12:18]} 13. dxc5 {[%clk 1:20:17]}  Nc6 {[%clk 1:11:33]} 14. Rd1 {[%clk 1:09:26]}  Nxe5 {[%clk 0:58:50]} 15. Bxe5 {[%clk 0:52:05]}  Bxe5 {[%clk 0:58:57]} 16. Bf3 {[%clk 0:52:19]}  Qc7 {[%clk 0:54:39]} 17. Rxd5 {[%clk 0:49:00]}  e6 {[%clk 0:49:58]} 18. Rd1 {[%clk 0:43:14]}  Bxh2+ {[%clk 0:50:24]} 19. Kh1 {[%clk 0:43:24]}  Bg3 {[%clk 0:50:51]} 20. Qb4 {[%clk 0:38:43]}  Qe7 {[%clk 0:45:16]} 21. Kg1 {[%clk 0:33:37]}  e5 {[%clk 0:36:33]} 22. e4 {[%clk 0:12:34]}  Qh4 {[%clk 0:34:24]} 23. Rfe1 {[%clk 0:11:58]}  Bg4 {[%clk 0:25:09]} 24. Bxg4 {[%clk 0:06:14]}  Qh2+ {[%clk 0:25:27]} 25. Kf1 {[%clk 0:06:36]}  Qh1+ {[%clk 0:25:42]} 26. Ke2 {[%clk 0:07:00]}  Qxg2+ {[%clk 0:26:09]} 27. Kd3 {[%clk 0:06:29]}  Bxe1 {[%clk 0:20:56]} 28. Rxe1 {[%clk 0:06:37]}  Rad8+ {[%clk 0:20:54]} 29. Ke3 {[%clk 0:05:36]}  Qxg4 {[%clk 0:20:20]} 30. Nc4 {[%clk 0:04:30]}  Qf4+ {[%clk 0:19:43]} 0-1

[Event "45th FIDE Chess Olympiad Open"]
[Site "Budapest, Hungary"]
[Date "2024.09.20"]
[Round "9"]
[White "Naipal, Hoolan"]
[Black "Tracey, Shaun M"]
[Result "1/2-1/2"]
[Board "348"]
[WhiteFideId "9700382"]
[BlackFideId "419052"]
[WhiteTitle "CM"]
[WhiteElo "1851"]
[BlackElo "1684"]
[WhiteTeam "Mauritius"]
[BlackTeam "Cayman Islands"]
[WhiteClock "0:20:43"]
[BlackClock "0:02:25"]
[Variant "Standard"]

1. Nf3 {[%clk 1:30:45]}  e6 {[%clk 1:30:49]} 2. e4 {[%clk 1:30:11]}  b6 {[%clk 1:29:44]} 3. d4 {[%clk 1:29:29]}  Bb7 {[%clk 1:29:53]} 4. Bd3 {[%clk 1:29:30]}  c5 {[%clk 1:27:44]} 5. c3 {[%clk 1:25:52]}  Nf6 {[%clk 1:26:08]} 6. Qe2 {[%clk 1:25:40]}  Qc8 {[%clk 1:20:27]} 7. O-O {[%clk 1:25:36]}  Be7 {[%clk 1:16:59]} 8. Bg5 {[%clk 1:22:47]}  h6 {[%clk 1:15:08]} 9. Bh4 {[%clk 1:18:11]}  Ba6 {[%clk 1:11:05]} 10. c4 {[%clk 1:11:41]}  cxd4 {[%clk 1:07:21]} 11. e5 {[%clk 1:08:00]}  Ng8 {[%clk 1:05:43]} 12. Bg3 {[%clk 1:08:18]}  Nc6 {[%clk 1:04:06]} 13. a3 {[%clk 1:07:17]}  Bb7 {[%clk 0:58:28]} 14. b4 {[%clk 1:04:57]}  Qd8 {[%clk 0:48:09]} 15. Nbd2 {[%clk 1:02:23]}  d6 {[%clk 0:45:16]} 16. Nb3 {[%clk 1:02:07]}  Nxe5 {[%clk 0:42:35]} 17. Nxe5 {[%clk 1:02:01]}  dxe5 {[%clk 0:43:03]} 18. Bxe5 {[%clk 1:02:09]}  Bf6 {[%clk 0:39:27]} 19. Rfd1 {[%clk 1:01:10]}  Bxe5 {[%clk 0:27:57]} 20. Qxe5 {[%clk 1:01:32]}  Qg5 {[%clk 0:27:57]} 21. Qxg5 {[%clk 1:00:24]}  hxg5 {[%clk 0:28:25]} 22. Nxd4 {[%clk 1:00:31]}  O-O-O {[%clk 0:28:16]} 23. Be2 {[%clk 0:59:29]}  Ne7 {[%clk 0:27:03]} 24. Rac1 {[%clk 0:58:05]}  Kb8 {[%clk 0:23:41]} 25. Nb5 {[%clk 0:47:40]}  Ng6 {[%clk 0:18:44]} 26. Nd6 {[%clk 0:47:19]}  Nf4 {[%clk 0:14:18]} 27. Bf1 {[%clk 0:47:40]}  Rd7 {[%clk 0:08:44]} 28. Nxb7 {[%clk 0:43:37]}  Rxb7 {[%clk 0:09:05]} 29. g3 {[%clk 0:42:49]}  Ng6 {[%clk 0:08:01]} 30. Bg2 {[%clk 0:40:58]}  Rc7 {[%clk 0:07:58]} 31. c5 {[%clk 0:39:39]}  Ne5 {[%clk 0:06:44]} 32. c6 {[%clk 0:35:30]}  Kc8 {[%clk 0:04:44]} 33. b5 {[%clk 0:34:55]}  Rd8 {[%clk 0:04:12]} 34. Rxd8+ {[%clk 0:30:49]}  Kxd8 {[%clk 0:04:41]} 35. Rd1+ {[%clk 0:25:11]}  Kc8 {[%clk 0:02:39]} 36. h3 {[%clk 0:22:39]}  Re7 {[%clk 0:02:23]} 37. Rd4 {[%clk 0:22:38]}  Kc7 {[%clk 0:01:23]} 38. Kf1 {[%clk 0:20:15]}  f5 {[%clk 0:00:42]} 39. Ke2 {[%clk 0:18:38]}  Nf7 {[%clk 0:01:01]} 40. f4 {[%clk 0:16:38]}  e5 {[%clk 0:00:58]} 41. fxe5 {[%clk 0:16:17]}  Nxe5 {[%clk 0:00:47]} 42. Kd2 {[%clk 0:16:02]}  Nf7 {[%clk 0:25:37]} 43. a4 {[%clk 0:44:19]}  Nd6 {[%clk 0:25:10]} 44. Bd5 {[%clk 0:43:51]}  Re5 {[%clk 0:24:14]} 45. Rd3 {[%clk 0:42:48]}  f4 {[%clk 0:23:49]} 46. gxf4 {[%clk 0:42:42]}  gxf4 {[%clk 0:24:17]} 47. Bf3 {[%clk 0:42:11]}  Re7 {[%clk 0:20:33]} 48. Rd4 {[%clk 0:42:06]}  g5 {[%clk 0:20:14]} 49. h4 {[%clk 0:31:46]}  Re3 {[%clk 0:13:00]} 50. Bg4 {[%clk 0:31:03]}  Rg3 {[%clk 0:13:07]} 51. Be6 {[%clk 0:30:22]}  Re3 {[%clk 0:10:58]} 52. Bg4 {[%clk 0:28:03]}  gxh4 {[%clk 0:05:03]} 53. Rxf4 {[%clk 0:28:01]}  Re4 {[%clk 0:05:04]} 54. Rxe4 {[%clk 0:27:36]}  Nxe4+ {[%clk 0:05:33]} 55. Ke3 {[%clk 0:25:00]}  Nc3 {[%clk 0:05:43]} 56. Kf4 {[%clk 0:23:57]}  Nxa4 {[%clk 0:05:59]} 57. Be2 {[%clk 0:24:07]}  Nc3 {[%clk 0:05:58]} 58. Bc4 {[%clk 0:22:16]}  Nd1 {[%clk 0:03:58]} 59. Be2 {[%clk 0:19:59]}  Nc3 {[%clk 0:04:11]} 60. Bc4 {[%clk 0:20:04]}  Na4 {[%clk 0:02:57]} 61. Kg4 {[%clk 0:20:06]}  Nc5 {[%clk 0:03:05]} 62. Kxh4 {[%clk 0:20:22]}  Ne4 {[%clk 0:02:59]} 63. Kg4 {[%clk 0:20:17]}  Nd6 {[%clk 0:02:36]} 64. Bd3 {[%clk 0:20:20]}  Nf7 {[%clk 0:02:43]} 65. Kf5 {[%clk 0:20:19]}  Nd8 {[%clk 0:02:31]} 66. Ke5 {[%clk 0:19:05]}  Nxc6+ {[%clk 0:02:21]} 67. bxc6 {[%clk 0:19:30]}  Kxc6 {[%clk 0:02:48]} 68. Kd4 {[%clk 0:19:45]}  Kb7 {[%clk 0:01:35]} 69. Be4+ {[%clk 0:19:51]}  Ka6 {[%clk 0:01:23]} 70. Kc4 {[%clk 0:20:15]}  b5+ {[%clk 0:01:25]} 71. Kb4 {[%clk 0:20:19]}  Kb6 {[%clk 0:01:48]} 72. Bd3 {[%clk 0:20:15]}  a6 {[%clk 0:01:30]} 73. Be2 {[%clk 0:20:14]}  a5+ {[%clk 0:01:29]} 74. Kb3 {[%clk 0:20:22]}  b4 {[%clk 0:01:18]} 75. Bc4 {[%clk 0:20:16]}  Kc5 {[%clk 0:01:40]} 76. Bf7 {[%clk 0:20:00]}  Kb5 {[%clk 0:01:56]} 77. Be8+ {[%clk 0:20:20]}  Kc5 {[%clk 0:02:25]} 78. Bf7 {[%clk 0:20:43]} 1/2-1/2

[Event "45th FIDE Chess Olympiad Open"]
[Site "Budapest, Hungary"]
[Date "2024.09.20"]
[Round "9"]
[White "Kumar, Manoj"]
[Black "Solomon, Joshua"]
[Result "1-0"]
[Board "349"]
[WhiteFideId "11400064"]
[BlackFideId "23800160"]
[WhiteTitle "CM"]
[WhiteElo "1951"]
[BlackElo "1587"]
[WhiteTeam "Fiji"]
[BlackTeam "Antigua and Barbuda"]
[WhiteClock "1:00:27"]
[BlackClock "0:37:02"]
[Variant "Standard"]

1. d4 {[%clk 1:30:55]}  Nf6 {[%clk 1:30:53]} 2. Bf4 {[%clk 1:31:18]}  d6 {[%clk 1:30:45]} 3. Nc3 {[%clk 1:31:09]}  g6 {[%clk 1:30:43]} 4. e4 {[%clk 1:30:49]}  Nbd7 {[%clk 1:26:04]} 5. Nf3 {[%clk 1:26:10]}  Bg7 {[%clk 1:21:01]} 6. Qd2 {[%clk 1:26:19]}  O-O {[%clk 1:18:46]} 7. O-O-O {[%clk 1:22:10]}  c6 {[%clk 1:06:40]} 8. e5 {[%clk 1:16:28]}  Ne8 {[%clk 1:05:51]} 9. Bh6 {[%clk 1:05:49]}  d5 {[%clk 1:00:14]} 10. h4 {[%clk 1:05:10]}  Nb6 {[%clk 0:45:33]} 11. h5 {[%clk 1:04:52]}  Nc4 {[%clk 0:41:35]} 12. Bxc4 {[%clk 1:03:09]}  dxc4 {[%clk 0:41:59]} 13. hxg6 {[%clk 1:02:14]}  fxg6 {[%clk 0:39:56]} 14. Bxg7 {[%clk 1:02:20]}  Nxg7 {[%clk 0:38:12]} 15. Qh6 {[%clk 1:02:31]}  Nh5 {[%clk 0:37:50]} 16. Ng5 {[%clk 1:02:34]}  Rf7 {[%clk 0:36:40]} 17. Nxf7 {[%clk 1:01:53]}  Kxf7 {[%clk 0:36:59]} 18. Qxh7+ {[%clk 1:02:03]}  Ng7 {[%clk 0:37:02]} 19. Ne4 {[%clk 1:00:27]} 1-0

[Event "45th FIDE Chess Olympiad Open"]
[Site "Budapest, Hungary"]
[Date "2024.09.20"]
[Round "9"]
[White "Matthew Bailey"]
[Black "Prasad, Rudr"]
[Result "0-1"]
[Board "350"]
[WhiteFideId "23800011"]
[BlackFideId "11401095"]
[BlackTitle "CM"]
[WhiteElo "1548"]
[BlackElo "1777"]
[WhiteTeam "Antigua and Barbuda"]
[BlackTeam "Fiji"]
[WhiteClock "0:29:13"]
[BlackClock "0:06:37"]
[Variant "Standard"]

1. d4 {[%clk 1:30:58]}  d5 {[%clk 1:30:36]} 2. c4 {[%clk 1:31:23]}  e6 {[%clk 1:31:02]} 3. Nc3 {[%clk 1:31:40]}  Nf6 {[%clk 1:31:27]} 4. cxd5 {[%clk 1:32:04]}  exd5 {[%clk 1:31:43]} 5. Bg5 {[%clk 1:32:29]}  Nbd7 {[%clk 1:31:06]} 6. Qc2 {[%clk 1:32:22]}  c6 {[%clk 1:31:24]} 7. e3 {[%clk 1:32:43]}  Be7 {[%clk 1:31:11]} 8. Bd3 {[%clk 1:33:01]}  O-O {[%clk 1:29:48]} 9. Nge2 {[%clk 1:31:21]}  h6 {[%clk 1:28:23]} 10. Bh4 {[%clk 1:31:44]}  Ne8 {[%clk 1:28:26]} 11. Bg3 {[%clk 1:27:09]}  Nd6 {[%clk 1:16:27]} 12. O-O {[%clk 1:23:42]}  Nf6 {[%clk 1:16:35]} 13. f3 {[%clk 1:21:12]}  Be6 {[%clk 0:51:33]} 14. Rad1 {[%clk 1:18:24]}  Re8 {[%clk 0:46:47]} 15. Kh1 {[%clk 1:16:35]}  a6 {[%clk 0:39:37]} 16. e4 {[%clk 1:14:39]}  dxe4 {[%clk 0:39:42]} 17. fxe4 {[%clk 1:14:58]}  Nb5 {[%clk 0:40:07]} 18. e5 {[%clk 1:13:55]}  Nd5 {[%clk 0:39:17]} 19. Nxd5 {[%clk 1:05:35]}  Bxd5 {[%clk 0:36:33]} 20. Rf2 {[%clk 0:59:02]}  Bg5 {[%clk 0:34:09]} 21. a4 {[%clk 0:55:42]}  Nc7 {[%clk 0:34:06]} 22. Bf4 {[%clk 0:50:34]}  Bxf4 {[%clk 0:33:45]} 23. Nxf4 {[%clk 0:50:51]}  Rf8 {[%clk 0:33:24]} 24. Rdf1 {[%clk 0:50:47]}  Qd7 {[%clk 0:30:11]} 25. Qe2 {[%clk 0:46:46]}  Rad8 {[%clk 0:25:39]} 26. Nh5 {[%clk 0:44:52]}  Ne6 {[%clk 0:24:54]} 27. Qg4 {[%clk 0:37:57]}  Ng5 {[%clk 0:24:05]} 28. Qg3 {[%clk 0:38:00]}  Qh3 {[%clk 0:23:33]} 29. Qxh3 {[%clk 0:34:56]}  Nxh3 {[%clk 0:24:01]} 30. Rd2 {[%clk 0:33:37]}  Ng5 {[%clk 0:23:57]} 31. Rf4 {[%clk 0:32:10]}  Bb3 {[%clk 0:19:20]} 32. h4 {[%clk 0:31:22]}  Ne6 {[%clk 0:18:29]} 33. Rg4 {[%clk 0:31:26]}  Rxd4 {[%clk 0:16:09]} 34. Bh7+ {[%clk 0:30:05]}  Kxh7 {[%clk 0:16:35]} 35. Rdxd4 {[%clk 0:30:26]}  Nxd4 {[%clk 0:16:19]} 36. Rxd4 {[%clk 0:30:23]}  Kg6 {[%clk 0:14:16]} 37. Ng3 {[%clk 0:30:30]}  Be6 {[%clk 0:11:10]} 38. a5 {[%clk 0:30:39]}  Re8 {[%clk 0:10:23]} 39. Kh2 {[%clk 0:30:09]}  Re7 {[%clk 0:09:54]} 40. Rd6 {[%clk 0:30:04]}  Rd7 {[%clk 0:07:29]} 41. h5+ {[%clk 0:29:25]}  Kg5 {[%clk 0:07:40]} 42. Ne4+ {[%clk 0:29:42]}  Kf5 {[%clk 0:07:27]} 43. Rxd7 {[%clk 0:28:43]}  Bxd7 {[%clk 0:07:34]} 44. Nd6+ {[%clk 0:28:50]}  Kxe5 {[%clk 0:07:24]} 45. Nxb7 {[%clk 0:28:27]}  Kd5 {[%clk 0:03:58]} 46. Kg3 {[%clk 0:27:58]}  c5 {[%clk 0:03:32]} 47. Kf4 {[%clk 0:27:40]}  Be8 {[%clk 0:03:48]} 48. g4 {[%clk 0:27:17]}  Kc6 {[%clk 0:04:01]} 49. Nd8+ {[%clk 0:27:27]}  Kc7 {[%clk 0:04:19]} 50. Ke5 {[%clk 0:27:13]}  Kxd8 {[%clk 0:04:37]} 51. Kd6 {[%clk 0:27:26]}  Bd7 {[%clk 0:04:46]} 52. Kxc5 {[%clk 0:27:41]}  Bxg4 {[%clk 0:05:08]} 53. b4 {[%clk 0:27:48]}  Be2 {[%clk 0:04:44]} 54. Kb6 {[%clk 0:27:58]}  f5 {[%clk 0:04:56]} 55. Kc5 {[%clk 0:28:04]}  f4 {[%clk 0:05:18]} 56. Kd4 {[%clk 0:28:09]}  Kc7 {[%clk 0:05:31]} 57. Ke4 {[%clk 0:28:25]}  f3 {[%clk 0:05:53]} 58. Ke3 {[%clk 0:28:51]}  Kc6 {[%clk 0:06:08]} 59. Kf2 {[%clk 0:29:13]}  Kb5 {[%clk 0:06:37]} 0-1

[Event "45th FIDE Chess Olympiad Open"]
[Site "Budapest, Hungary"]
[Date "2024.09.20"]
[Round "9"]
[White "Solomon, Jonathan"]
[Black "Prakash, Prashil"]
[Result "0-1"]
[Board "352"]
[WhiteFideId "23800178"]
[BlackFideId "11400692"]
[WhiteElo "1536"]
[BlackElo "1745"]
[WhiteTeam "Antigua and Barbuda"]
[BlackTeam "Fiji"]
[WhiteClock "0:17:57"]
[BlackClock "0:11:56"]
[Variant "Standard"]

1. d4 {[%clk 1:30:58]}  Nf6 {[%clk 1:30:16]} 2. Bf4 {[%clk 1:31:21]}  c5 {[%clk 1:29:39]} 3. e3 {[%clk 1:28:58]}  cxd4 {[%clk 1:28:43]} 4. exd4 {[%clk 1:29:17]}  d6 {[%clk 1:28:48]} 5. Nf3 {[%clk 1:29:33]}  g6 {[%clk 1:28:53]} 6. Nbd2 {[%clk 1:29:19]}  Bg7 {[%clk 1:29:06]} 7. c3 {[%clk 1:29:37]}  O-O {[%clk 1:28:11]} 8. Be2 {[%clk 1:29:41]}  Nc6 {[%clk 1:27:54]} 9. O-O {[%clk 1:28:32]}  Re8 {[%clk 1:28:15]} 10. Bb5 {[%clk 1:25:45]}  Bd7 {[%clk 1:27:18]} 11. Re1 {[%clk 1:24:28]}  a6 {[%clk 1:27:16]} 12. Bxc6 {[%clk 1:22:48]}  Bxc6 {[%clk 1:27:22]} 13. c4 {[%clk 1:22:47]}  Qb6 {[%clk 1:20:41]} 14. Nb3 {[%clk 1:17:06]}  Rac8 {[%clk 1:13:45]} 15. Rc1 {[%clk 1:12:28]}  a5 {[%clk 0:56:56]} 16. d5 {[%clk 1:09:14]}  Ba4 {[%clk 0:51:05]} 17. Qd3 {[%clk 1:06:09]}  Ng4 {[%clk 0:44:43]} 18. Re2 {[%clk 1:03:26]}  Qa6 {[%clk 0:38:39]} 19. Nbd4 {[%clk 0:58:47]}  Nf6 {[%clk 0:35:50]} 20. Nb3 {[%clk 0:53:49]}  b5 {[%clk 0:35:30]} 21. Qd2 {[%clk 0:50:52]}  bxc4 {[%clk 0:27:29]} 22. Nxa5 {[%clk 0:37:43]}  c3 {[%clk 0:25:33]} 23. Rxc3 {[%clk 0:36:42]}  Rxc3 {[%clk 0:24:51]} 24. bxc3 {[%clk 0:32:20]}  Qxa5 {[%clk 0:24:23]} 25. c4 {[%clk 0:31:45]}  Qxd2 {[%clk 0:19:46]} 26. Nxd2 {[%clk 0:31:11]}  Ng4 {[%clk 0:17:54]} 27. h3 {[%clk 0:30:23]}  Ne5 {[%clk 0:17:28]} 28. c5 {[%clk 0:30:01]}  Nd3 {[%clk 0:16:53]} 29. Bxd6 {[%clk 0:26:30]}  exd6 {[%clk 0:16:37]} 30. Rxe8+ {[%clk 0:26:48]}  Bxe8 {[%clk 0:16:55]} 31. c6 {[%clk 0:26:50]}  Nb4 {[%clk 0:16:03]} 32. c7 {[%clk 0:22:29]}  Bd7 {[%clk 0:16:18]} 33. Nc4 {[%clk 0:19:36]}  Nxd5 {[%clk 0:15:56]} 34. Nxd6 {[%clk 0:19:10]}  Nxc7 {[%clk 0:16:11]} 35. Ne4 {[%clk 0:18:36]}  Nd5 {[%clk 0:14:15]} 36. Nc5 {[%clk 0:18:21]}  Bc6 {[%clk 0:13:27]} 37. a4 {[%clk 0:18:13]}  Bf8 {[%clk 0:13:35]} 38. Ne4 {[%clk 0:17:29]}  Bxa4 {[%clk 0:13:52]} 39. g3 {[%clk 0:17:27]}  Bc2 {[%clk 0:13:59]} 40. Nd2 {[%clk 0:17:38]}  Bc5 {[%clk 0:13:59]} 41. Nf1 {[%clk 0:16:48]}  Nf6 {[%clk 0:14:01]} 42. Nd2 {[%clk 0:16:51]}  Ne4 {[%clk 0:14:09]} 43. Nf1 {[%clk 0:15:57]}  Nxf2 {[%clk 0:13:56]} 44. Kh2 {[%clk 0:16:26]}  Bf5 {[%clk 0:13:42]} 45. g4 {[%clk 0:16:17]}  Bd6+ {[%clk 0:13:25]} 46. Kg2 {[%clk 0:16:39]}  Nxg4 {[%clk 0:13:09]} 47. hxg4 {[%clk 0:17:00]}  Bxg4 {[%clk 0:13:22]} 48. Ne3 {[%clk 0:17:11]}  f5 {[%clk 0:13:24]} 49. Nf1 {[%clk 0:17:24]}  Be2 {[%clk 0:13:08]} 50. Nd2 {[%clk 0:17:23]}  Kg7 {[%clk 0:11:57]} 51. Nb3 {[%clk 0:17:18]}  Kf6 {[%clk 0:11:54]} 52. Nd4 {[%clk 0:17:42]}  Ba6 {[%clk 0:11:51]} 53. Nc2 {[%clk 0:17:43]}  f4 {[%clk 0:11:50]} 54. Nd4 {[%clk 0:17:18]}  Bb7+ {[%clk 0:12:03]} 55. Kf1 {[%clk 0:17:39]}  h5 {[%clk 0:12:11]} 56. Ne2 {[%clk 0:17:57]}  Ba6 {[%clk 0:11:56]} 0-1